Anesthesia and Analgesia for Veterinary Technicians (Record no. 2078)
[ view plain ]
| 000 -LEADER | |
|---|---|
| fixed length control field | 00366nam a22001457a 4500 |
| 008 - FIXED-LENGTH DATA ELEMENTS--GENERAL INFORMATION | |
| fixed length control field | 250304b |||||||| |||| 00| 0 eng d |
| 020 ## - INTERNATIONAL STANDARD BOOK NUMBER | |
| ISBN | 9780323249713 |
| 100 ## - MAIN ENTRY--AUTHOR | |
| Author | Thomas John A |
| 245 ## - TITLE STATEMENT | |
| Title | Anesthesia and Analgesia for Veterinary Technicians |
| 250 ## - EDITION STATEMENT | |
| Edition statement | 5th |
| 260 ## - PUBLICATION, DISTRIBUTION, ETC. (IMPRINT) | |
| Place of publication | Missouri |
| Name of publisher | Elsevier |
| Date of publication | 2017 |
| 300 ## - COLLATION | |
| Pagination | ix,445p |
| 942 ## - ADDED ENTRY ELEMENTS (KOHA) | |
| Item type | Books |
| 050 ## - LIBRARY OF CONGRESS CALL NUMBER | |
| Classification number | SF911 |
| Item number | .T56 |
No items available.